000 00490nam a22001697a 4500
999 _c524193
_d524193
003 NUST
038 _aFaiza
082 _a910.54914
_bSIK
100 _aSikha, Gernail Singh
_915009
245 _aVancouver sy Lyail pur tak /
_cGernail Singh Sikha
260 _aFaisalabad :
_bMuhammad Abid,
_c2009.
300 _a146 p. ;
500 _aHard cover.
880 _6100-02\r
_aجرنیل سنگھ سیکھا
880 _6245-02\r
_aوینکوور سے لائل پور تک
942 _2ddc
_cBK